|
|
|
|
| LEADER |
01100nam a2200253 i 4500 |
| 001 |
10096572 |
| 003 |
GR-PaULI |
| 005 |
20220928113628.0 |
| 008 |
120309s2005 us a g 1 eng d |
| 952 |
|
|
|0 0
|1 0
|4 0
|6 812_520000000000000_MIL_BRA
|7 0
|9 108319
|a THST
|b THST
|d 2016-04-24
|i 10634
|l 0
|o 812.52 MIL BRA
|p 025000197265
|r 2016-04-24 00:00:00
|t 1
|w 2016-04-24
|y BK15
|
| 999 |
|
|
|c 72758
|d 72758
|
| 020 |
|
|
|a 0472031554
|
| 040 |
|
|
|a GR-PaULI
|c GR-PaULI
|b gre
|
| 041 |
0 |
|
|a eng
|
| 082 |
0 |
4 |
|a 812.52
|2 23
|
| 245 |
1 |
0 |
|a Arthur Miller's America :
|b theater and culture in a Time of Change /
|c edited by Enoch Brater.
|
| 260 |
|
|
|a Ann Arbor :
|b University of Michigan Press,
|c 2005.
|
| 300 |
|
|
|a xii, 268 σ. :
|c 23 εκ.
|
| 504 |
|
|
|a Περιλαμβάνει βιβλιογραφία και ευρετήριο.
|
| 600 |
1 |
4 |
|9 129767
|a Miller, Arthur,
|d 1915-2005
|x Ερμηνεία και κριτική
|
| 700 |
1 |
4 |
|a Brater, Enoch
|9 104217
|e επιμελητής
|
| 852 |
|
|
|a GR-PaULI
|b ΠΑΤΡΑ
|b ΘΕΑΤΡΟΛΟΓΙΑ
|k ΑΣΧΞ-3
|h 812.52 MIL BRA
|m 10634
|p 025000197265
|t 1
|
| 942 |
|
|
|2 ddc
|c BK15
|
| 998 |
|
|
|c ΜΑΝΙΑ
|d 2012-03
|